[Event "URU-chT Regional"]
[Site "Punta del Este"]
[Date "2020.11.01"]
[Round "3.3"]
[White "Perez, Rodrigo"]
[Black "Aramburu, Gabriel"]
[Result "0-1"]
[WhiteElo "1362"]
[BlackElo "1813"]
[PlyCount "42"]
[EventDate "2020.10.31"]
[EventType "team-swiss"]
[EventRounds "5"]
[EventCountry "URU"]
[SourceTitle "CBM 199 Extra"]
[Source "ChessBase"]
[SourceDate "2021.01.31"]
[SourceVersion "1"]
[SourceVersionDate "2021.01.31"]
[SourceQuality "1"]
[WhiteTeam "Florida"]
[BlackTeam "Maldonado"]
[WhiteTeamCountry "URU"]
[BlackTeamCountry "URU"]

1. e4 e5 2. Nf3 Nc6 3. Bb5 a6 4. Bxc6 dxc6 5. 0-0 Bd6 6. d4 f6 7. dxe5 fxe5 8. Nxe5 Nf6 9. Nd3 Bxh2+ 10. Kh1 Bd6 11. Bg5 h6 12. Bxf6 Qxf6 13. e5 Qh4+ 14. Kg1 Be7 15. f4 Bf5 16. Qe1 Qh5 17. Qd1 Bg4 18. Qe1 0-0 19. b4 Be2 20. Rf2 Bxd3 21. cxd3 Bh4 0-1

[Event "Punta del Este Alekhine op"]
[Site "Punta del Este"]
[Date "2020.03.08"]
[Round "4"]
[White "Aramburu, Gabriel"]
[Black "Genta, Alejandro"]
[Result "0-1"]
[WhiteElo "1816"]
[BlackElo "1997"]
[PlyCount "100"]
[EventDate "2020.03.06"]
[EventType "swiss"]
[EventRounds "5"]
[EventCountry "URU"]
[SourceTitle "EXT 2021"]
[Source "ChessBase"]
[SourceDate "2020.10.23"]
[SourceVersion "1"]
[SourceVersionDate "2020.10.23"]
[SourceQuality "1"]

1. e4 c5 2. Nf3 e6 3. c3 Nf6 4. Bd3 d6 5. Bc2 Be7 6. d3 0-0 7. 0-0 Nc6 8. Re1 Qc7 9. Nbd2 Re8 10. Nf1 h6 11. Ng3 Bf8 12. h3 b6 13. Be3 d5 14. e5 Nd7 15. d4 cxd4 16. cxd4 Nb4 17. Bb1 Ba6 18. a3 Nc6 19. Bc2 Rec8 20. Rc1 Qb7 21. b4 Bc4 22. Qd2 a5 23. Rb1 axb4 24. axb4 Ra2 25. b5 Na5 26. Ra1 Rxa1 27. Rxa1 Bxb5 28. Rb1 Qa6 29. Nh2 Rxc2 30. Qxc2 Bd3 31. Qc1 Bxb1 32. Qxb1 Nc4 33. Ng4 Nxe3 34. fxe3 b5 35. e4 Nb6 36. Kh2 b4 37. exd5 Nxd5 38. Ne4 Qe2 39. Ng3 Qd2 40. Qe4 Nc3 41. Qf3 Qxd4 42. Nh5 Nd5 43. Qg3 Kh7 44. Qf3 Kg6 45. Ng3 Nf4 46. Ne4 Nd5 47. Nxh6 Kxh6 48. Qg4 Qxe5+ 49. Ng3 Kh7 50. h4 Bd6 0-1

[Event "Florianopolis op 3rd"]
[Site "Florianopolis"]
[Date "2017.01.26"]
[Round "10"]
[White "Filgueiras, Nathan Felipe"]
[Black "Aramburu, Gabriel"]
[Result "1-0"]
[WhiteElo "1938"]
[BlackElo "1680"]
[PlyCount "133"]
[EventDate "2017.01.20"]
[EventType "swiss"]
[EventRounds "10"]
[EventCountry "BRA"]
[SourceTitle "CBM 176 Extra"]
[Source "ChessBase"]
[SourceDate "2017.03.02"]
[SourceVersion "1"]
[SourceVersionDate "2017.03.02"]
[SourceQuality "1"]

1. e4 e5 2. Nf3 d6 3. d4 Nd7 4. Bc4 c6 5. 0-0 Be7 6. dxe5 dxe5 7. Ng5 Nh6 8. Ne6 fxe6 9. Bxh6 Nf6 10. Bxg7 Rg8 11. Bxf6 Qxd1 12. Rxd1 Bxf6 13. a4 Be7 14. Nc3 Bd7 15. Rd3 0-0-0 16. Rad1 Kc7 17. Rh3 Rg7 18. Rg3 Rf7 19. Rgd3 Rf6 20. f3 Bc5+ 21. Kf1 Be7 22. R1d2 Bb4 23. Rd1 Be7 24. Ne2 h5 25. Ng3 h4 26. Nh1 Be8 27. Rxd8 Bxd8 28. Nf2 Bh5 29. h3 Be7 30. Nd3 Bd6 31. Kf2 b6 32. c3 Bg6 33. Ke2 Bf7 34. b4 Rg6 35. Kf1 Rg5 36. b5 c5 37. Ra1 Kd7 38. a5 Bc7 39. axb6 Bxb6 40. Nb2 Rg8 41. Na4 Rc8 42. Nxb6+ axb6 43. Ra7+ Rc7 44. Ra6 Rb7 45. Ke2 Ke7 46. Ra8 Kf6 47. Rh8 Ra7 48. Rxh4 Ra4 49. Kd3 Ra1 50. Rh8 Rg1 51. Rb8 Rd1+ 52. Ke2 Rd6 53. h4 Kg7 54. Rc8 Kf6 55. Rc6 Ke7 56. Rxd6 Kxd6 57. g4 Ke7 58. Kf2 Kf6 59. Kg3 Bg6 60. h5 Bf7 61. Kh4 Kg7 62. g5 Bg8 63. Kg4 Kf7 64. f4 exf4 65. Kxf4 Ke7 66. Ke5 Bf7 67. g6 1-0

[Event "Florianopolis op 3rd"]
[Site "Florianopolis"]
[Date "2017.01.21"]
[Round "2"]
[White "Stedile Neto, Ernesto"]
[Black "Aramburu, Gabriel"]
[Result "1-0"]
[WhiteElo "1969"]
[BlackElo "1680"]
[PlyCount "43"]
[EventDate "2017.01.20"]
[EventType "swiss"]
[EventRounds "10"]
[EventCountry "BRA"]
[SourceTitle "CBM 176 Extra"]
[Source "ChessBase"]
[SourceDate "2017.03.02"]
[SourceVersion "1"]
[SourceVersionDate "2017.03.02"]
[SourceQuality "1"]

1. e4 e5 2. Nf3 Nc6 3. Bc4 Be7 4. d4 exd4 5. c3 d6 6. Qb3 Na5 7. Bxf7+ Kf8 8. Qa4 Kxf7 9. Qxa5 Bg4 10. Nbd2 c5 11. Qa3 dxc3 12. Qxc3 Bf6 13. e5 Qe7 14. Qc4+ Be6 15. exf6 gxf6 16. Qe2 Re8 17. 0-0 Qd7 18. Nc4 Qc6 19. Bf4 Bd5 20. Nxd6+ Qxd6 21. Qxe8+ Kxe8 22. Bxd6 1-0

[Event "Montevideo Trebejos op 11"]
[Site "Montevideo"]
[Date "2016.11.16"]
[Round "2"]
[White "Aramburu, Gabriel"]
[Black "Buscio, Jorge"]
[Result "0-1"]
[WhiteElo "1698"]
[BlackElo "1421"]
[PlyCount "78"]
[EventDate "2016.11.14"]
[EventType "swiss"]
[EventRounds "7"]
[EventCountry "URU"]
[SourceTitle "EXT 2018"]
[Source "ChessBase"]
[SourceDate "2017.10.13"]
[SourceVersion "1"]
[SourceVersionDate "2017.10.13"]
[SourceQuality "1"]

1. e4 e6 2. d4 d5 3. Nd2 c5 4. Ngf3 Nc6 5. c3 Nf6 6. e5 Nd7 7. a3 a6 8. Bd3 Be7 9. 0-0 f6 10. Nh4 0-0 11. Qh5 f5 12. Nhf3 cxd4 13. cxd4 Qb6 14. Ng5 Bxg5 15. Qxg5 Qxd4 16. Be2 Ndxe5 17. Rb1 Ng4 18. Nf3 Qe4 19. h3 Nf6 20. Qg3 Qxe2 21. Bf4 Nh5 22. Qh4 Nxf4 23. Qxf4 Qe4 24. Qg5 Ne5 25. Nd2 Qd4 26. Nb3 Qb6 27. Nd2 Bd7 28. Kh1 Bb5 29. Rfe1 Nd3 30. Re3 Nxf2+ 31. Kh2 Ne4 32. Nxe4 fxe4 33. Rg3 Rf7 34. h4 Qd8 35. Qg4 Qf6 36. h5 h6 37. Qh3 Qf5 38. Qh4 e3 39. Rf3 Qxb1 0-1

[Event "Montevideo Trebejos op 04"]
[Site "Montevideo"]
[Date "2016.04.25"]
[Round "7"]
[White "Zaruski, Julio"]
[Black "Aramburu, Gabriel"]
[Result "1-0"]
[WhiteElo "2015"]
[BlackElo "1667"]
[PlyCount "95"]
[EventDate "2016.04.11"]
[EventType "swiss"]
[EventRounds "7"]
[EventCountry "URU"]
[SourceTitle "CBM 172 Extra"]
[Source "ChessBase"]
[SourceDate "2016.06.21"]
[SourceVersion "1"]
[SourceVersionDate "2016.06.21"]
[SourceQuality "1"]

1. e4 e5 2. Nf3 Nc6 3. Bb5 Nf6 4. d3 Be7 5. c3 0-0 6. 0-0 d6 7. h3 a6 8. Ba4 b5 9. Bc2 Be6 10. d4 Bc4 11. Re1 exd4 12. cxd4 Nb4 13. d5 Bxa2 14. Nc3 c5 15. Nxa2 Nxc2 16. Qxc2 b4 17. Bg5 Nxd5 18. Bxe7 Nxe7 19. e5 Qb6 20. exd6 Qxd6 21. Rad1 Qc7 22. Nxb4 Ng6 23. Nd5 Qa5 24. Ra1 Qd8 25. Qxc5 Re8 26. Rxe8+ Qxe8 27. Qe3 Qb5 28. Qd4 Rb8 29. b4 Rc8 30. Nc7 Qf5 31. Nxa6 Nf4 32. Qe3 Nxh3+ 33. gxh3 Qxh3 34. Nh2 Qh5 35. Nc5 h6 36. Qf3 Qe5 37. Ra8 Qg5+ 38. Kf1 Qc1+ 39. Kg2 Qg5+ 40. Kh3 Rxa8 41. Qxa8+ Kh7 42. Qf3 f5 43. Ne6 Qf6 44. Nf4 g5 45. Qb7+ Kh8 46. Qc8+ Kh7 47. Qd7+ Kh8 48. Qe8+ 1-0

[Event "Montevideo Trebejos op 04"]
[Site "Montevideo"]
[Date "2016.04.21"]
[Round "6"]
[White "Aramburu, Gabriel"]
[Black "Vinella, Marcelo"]
[Result "0-1"]
[WhiteElo "1667"]
[BlackElo "1787"]
[PlyCount "58"]
[EventDate "2016.04.11"]
[EventType "swiss"]
[EventRounds "7"]
[EventCountry "URU"]
[SourceTitle "CBM 172 Extra"]
[Source "ChessBase"]
[SourceDate "2016.06.21"]
[SourceVersion "1"]
[SourceVersionDate "2016.06.21"]
[SourceQuality "1"]

1. e4 d6 2. Nf3 Nf6 3. Bc4 g6 4. 0-0 Bg7 5. d3 0-0 6. c3 c6 7. Bg5 h6 8. Bh4 a5 9. Nbd2 a4 10. d4 g5 11. Bg3 Nxe4 12. Bxf7+ Rxf7 13. Nxe4 Bg4 14. h4 Bxf3 15. gxf3 gxh4 16. Bxh4 Ra5 17. Ng3 Rf4 18. Qd3 Rxh4 19. Qg6 Rg5 20. Qe6+ Kh8 21. Rfe1 Bf6 22. Kf1 Qd7 23. Qf7 Qh3+ 24. Ke2 Rxg3 25. Rh1 Qg2 26. Qf8+ Rg8 27. Rxh4 Rxf8 28. Rxh6+ Kg7 29. Rah1 Kf7 0-1